000 00590nam a22001817a 4500
999 _c330548
_d330548
003 NUST
005 20170719164539.0
008 110712t xxu||||| |||| 00| 0 eng d
020 _a0070992924
040 _c0
082 _a621.194 ELO
100 _a Elonka,Stephen M.
_9441
245 _aStandard Boiler Operators Questions and Answers
_cStephen M.Elonka
260 _aNew Delhi
_bTata McGraw Hill
_c2005
300 _a365p.
500 _aP.B
563 _aPBc
650 _aBoiler Operators
_9442
942 _2ddc
_cBK
_kIESE